| 000 | 00818nam a2200229Ii 4500 | ||
|---|---|---|---|
| 003 | JO-AjNU | ||
| 008 | 230605s9999||||xx |||||||||||||| ||und|| | ||
| 017 | _a1998/7/1191 | ||
| 020 | _a978-9957-07-012-6 | ||
| 040 |
_aJO-AjNU _bara _erda _cJO-AjNU |
||
| 041 | _aara | ||
| 050 | 1 | 4 | _aHV2474 .K4232 2013 |
| 100 | 3 |
_aالخطيب، جمال محمد, _eauthor _923154 |
|
| 245 | 0 | 0 | _aمقدمة في الاعاقة السمعية |
| 250 | _aط4 | ||
| 264 | 3 | 1 | _aعمان: دار الفكر ناشرون وموزعون، 2013 |
| 300 |
_a256ص _bيحتوي على ببلوغرافية وملاحق من 234-256ص |
||
| 336 |
_atext _btxt _2rdacontent |
||
| 337 |
_aunmediated _bn _2rdamedia |
||
| 338 |
_avolume _bnc _2rdacarrier |
||
| 650 | 4 |
_aالاعاقة السمعية - الصم والبكم - رعاية _923155 |
|
| 999 |
_aA8333 _c11901 _d11901 |
||